Régimen disciplinario en la ley de funcionarios civiles del Estado / Miguel Montoro Puerto
Descripción Física:
196 p. ; 21 cm
Colección:
Estudios administrativos. Serie A ; 27
MARC
| LEADER | 00000nam a2200000Ia 4500 | ||
|---|---|---|---|
| 001 | 131 | ||
| 008 | 160829s1965 xx 000 0 cat d | ||
| 080 | |a M-4-190 | ||
| 100 | |a Montoro Puerto, Miguel |9 25160 | ||
| 245 | |a Régimen disciplinario en la ley de funcionarios civiles del Estado / Miguel Montoro Puerto | ||
| 260 | |a Madrid : |b Centro de Formación y Perfeccionamiento de Funcionarios, |c 1965 | ||
| 300 | |a 196 p. ; |c 21 cm | ||
| 490 | |a Estudios administrativos. Serie A ; 27 | ||
| 590 | |a Referències bibliogràfiques | ||
| 650 | |a Espanya |x Funcionaris i empleats |x Disciplina |9 31669 | ||
| 650 | |a Funcionaris |x Disciplina |9 25162 | ||
| 650 | 0 | |a Funció pública |x Dret i legislació |x Espanya |9 42023 | |
| 710 | 2 | |a Centro de Formación y Perfeccionamiento de Funcionarios (Alcalá de Henares, Madrid) |9 54841 | |
| 901 | |a Arxiu | ||
| 942 | |n 1 | ||
| 952 | |0 0 |1 0 |4 0 |6 M4190 |7 1 |9 43476 |a Arxiu |b Arxiu |d 2016-12-01 |l 0 |o M-4-190 |p 131 |r 2016-12-01 00:00:00 |w 2016-12-01 |y ARXIU | ||
| 999 | |c 46022 |d 46022 | ||